000 00484cam a22001337a 4500
008 180718b1069 xxu||||| |||| 00| 0 eng d
082 _aB706x42 Un3/RS/9
100 _aRoyal Commission on Local Government in England
245 _aRoyal Commission on Local Government in England: reseach studies a, community attitudes survey: England
260 _aLondon
_bHer Majesty's Stationery Office
_c1069
300 _a187+p.
500 _aChairman: John Maud
700 _aMaud, John, Chairman
999 _c488273
_d488273